00350 a2200145 4500003000400000005001700004008004100021020001500062020001500077040000900092082001800101245003200119260004400151300000900195OSt20231207133558.0231207b |||||||| |||| 00| 0 eng d a8189645463 a818964551X coclc a954.98bSYE/W aWorld infopaedia : Bhutan / aNew Delhi:bPragun publications,c2007. a296p